Statystyki dla TOXIC - wszystkie numery z albumu

Kliknij tutaj aby rozwiązać quiz!

Ogólne statystyki

  • Ten quiz został rozwiązany 22 razy
  • Średni wynik to 15 z 18

Statystyki odpowiedzi

NumerFeatTytuł piosenkiWyświetlenia YoutubeOdtworzenia Spotify% Poprawnych
5.---48100840tyś.4,741,877
90%
8.---BEKSA788tyś.3,654,673
90%
1.Miszel, matiskaterBEZ SERCA3,7mln11,212,095
90%
10.WaimaFANTA603tyś.2,567,160
90%
11.---NIGDY NIE ŚPIĘ290tyś.1,925,797
90%
6.White WidowOSCAR3,3mln7,969,029
90%
4.Trill PemPRZEKRĘT2mln5,247,269
90%
14.---SÓL3,5mln10,011,030
90%
3.White 2115TOXIC LUV1,4mln6,683,904
90%
2.---BALLADA O SAMOTNOŚCI (vlone)1,5mln6,291,057
80%
18.---TOAST1,1mln1,720,880
80%
17.---TRILL274tyś.1,415,780
80%
15.---WOLNOŚĆ961tyś.2,447,503
80%
12.---ZIOMECZKI ZIOMY2,9mln4,741,891
80%
9.---BARDZO BOLI489tyś.2,051,912
70%
16.---BLIK876tyś.1,881,016
70%
13.---S3N!263tyś.1,831,853
70%
7.---MAM JUŻ DOŚĆ381tyś.2,389,214
60%

Rozkład punktacji

Percentyl według liczby udzielonych odpowiedzi

Procent ludzi z każdym wynikiem

Twoja historia wyników

Nie rozwiązałeś tego quizu